000 00534nam a22002057a 4500
003 UA-OsUOA
001 47121
007 ta
008 20070711b un ||||| |||| 00| 0 ukr d
090 _a725,94
942 _cBK
040 _aUA-OsUOA
_brus
_cUA-OsUOA
_dUA-OsUOA
245 _aПодвиг народа : Памятки Великой Отечественной войны, 1941-1945
300 _a341 с.
955 _a2
041 _arus
080 _a725,94
260 _aМ.
_c1984
650 7 _a72 Архітектура
_2UDC
999 _c333218
_d333218